[Event "X GRAN TORNEO INTERNACIONAL AFICIONADOS S-2300 "]
[Site "Benidorm (Alicante - SPAIN)"]
[Date "2011.12.04"]
[Round "3"]
[Board "1"]
[White "Vinals, Rioja Jaume"]
[Black "Quimi, Marco"]
[Result "0-1"]
[WhiteElo "2039"]
[BlackElo "2163"]
[PlyCount "122"]
[EventDate "2011.12.02"]
[EventRounds "10"]
[EventCountry "ESP"]

1. e4 c5 2. c3 d5 3. exd5 Qxd5 4. d4 e6 5. Nf3 Nf6 6. Be2 Be7 7. O-O O-O 8. h3
Nc6 9. Be3 b6 10. dxc5 bxc5 11. c4 Qxd1 12. Rxd1 Rb8 13. b3 Nb4 14. Na3 Ne4 15.
Ne1 Nc3 16. Rd2 Nxe2+ 17. Rxe2 Bb7 18. Nac2 Na6 19. Rd1 Bc6 20. Red2 f6 21. f4
Kf7 22. Kf2 h5 23. h4 Rfc8 24. Nd3 Be4 25. g3 Rb7 26. Ke2 Bf5 27. Nf2 Nc7 28.
Ne1 Ne8 29. Ned3 Rbc7 30. Nb2 Rc6 31. Na4 Nc7 32. Nc3 a6 33. Nce4 Ne8 34. Kf3
Ra8 35. Rd7 e5 36. R7d2 exf4 37. Bxf4 a5 38. Nd6+ Bxd6 39. Bxd6 a4 40. Kf4 g6
41. Ne4 axb3 42. axb3 Ng7 43. Rd5 Ne6+ 44. Ke3 Re8 45. Be5 Nf8 46. Nd6+ Rxd6
47. Rxd6 Rxe5+ 48. Kf2 Bc2 49. R1d5 Bxb3 50. Rxe5 fxe5 51. Rd5 Ne6 52. Rxe5
Bxc4 53. Kf3 Kf6 54. Re1 Bd5+ 55. Ke3 c4 56. Rg1 Kf5 57. Rd1 Ke5 58. Rg1 Nd4
59. g4 Nf3 60. Rg3 Nxh4 61. gxh5 Nf5+ 0-1

[Event "X GRAN TORNEO INTERNACIONAL AFICIONADOS S-2300 "]
[Site "Benidorm (Alicante - SPAIN)"]
[Date "2011.12.04"]
[Round "3"]
[Board "1"]
[White "Monmeneu Chulia, Victor"]
[Black "Nieto Asencio, Maria Del Carmen"]
[Result "0-1"]
[WhiteElo "2158"]
[BlackElo "2009"]
[PlyCount "62"]
[EventDate "2011.12.02"]
[EventRounds "10"]
[EventCountry "ESP"]

1. e4 c5 2. Nc3 g6 3. d3 Bg7 4. Be3 d6 5. Qd2 Nc6 6. g3 e6 7. Bg2 Rb8 8. f4
Nge7 9. Nf3 Nd4 10. O-O b5 11. Rae1 O-O 12. Nd1 b4 13. Nh4 f5 14. c3 bxc3 15.
bxc3 Ndc6 16. Nf3 Qa5 17. Rf2 h6 18. Rfe2 Kh7 19. h4 d5 20. exf5 gxf5 21. Ne5
Nxe5 22. fxe5 Ba6 23. Kh2 Rg8 24. Bg1 Rb1 25. Nf2 Rxe1 26. Rxe1 Nc6 27. g4
Bxe5+ 28. Rxe5 Nxe5 29. gxf5 Qd8 30. Qf4 Qf6 31. Bh3 Qg7 0-1

[Event "X GRAN TORNEO INTERNACIONAL AFICIONADOS S-2300 "]
[Site "Benidorm (Alicante - SPAIN)"]
[Date "2011.12.04"]
[Round "3"]
[Board "1"]
[White "Spanton, Tim R"]
[Black "Murcia Paredes, Angel"]
[Result "0-1"]
[WhiteElo "1978"]
[BlackElo "2134"]
[PlyCount "62"]
[EventDate "2011.12.02"]
[EventRounds "10"]
[EventCountry "ESP"]

1. e4 e5 2. Nf3 Nc6 3. Bb5 a6 4. Bxc6 dxc6 5. Nc3 Qd6 6. d4 exd4 7. Qxd4 Bg4 8.
Be3 Qxd4 9. Bxd4 O-O-O 10. O-O-O Ne7 11. Bc5 Rxd1+ 12. Rxd1 b6 13. Be3 Ng6 14.
h3 Bd7 15. Ne2 Be7 16. Nf4 Nxf4 17. Bxf4 Bc5 18. Nd4 Re8 19. f3 Bf8 20. Ne2 Be6
21. Kb1 a5 22. Nd4 Bd7 23. Ne2 h6 24. Ng3 b5 25. Bd2 b4 26. c4 Bd6 27. Nh5 Bf8
28. Nf4 f5 29. e5 g5 30. Nd3 f4 31. Re1 Bf5 0-1

[Event "X GRAN TORNEO INTERNACIONAL AFICIONADOS S-2300 "]
[Site "Benidorm (Alicante - SPAIN)"]
[Date "2011.12.04"]
[Round "3"]
[Board "1"]
[White "Marchena Hurtado, Ander"]
[Black "Arias Igual, Alejandro"]
[Result "0-1"]
[WhiteElo "1950"]
[BlackElo "2123"]
[PlyCount "46"]
[EventDate "2011.12.02"]
[EventRounds "10"]
[EventCountry "ESP"]

1. e4 c5 2. Nf3 Nc6 3. d4 cxd4 4. Nxd4 g6 5. c4 Bg7 6. Be3 Nf6 7. Nc3 O-O 8.
Be2 d6 9. O-O Bd7 10. f3 Nxd4 11. Bxd4 Bc6 12. Qd2 Nd7 13. Be3 Nc5 14. Rac1 a5
15. Rfd1 a4 16. Bf1 Qa5 17. Rc2 Rfc8 18. Nd5 Qd8 19. Qf2 a3 20. Bxc5 dxc5 21.
Qxc5 Bxd5 22. Qxd5 axb2 23. Bd3 Qb6+ 0-1

[Event "X GRAN TORNEO INTERNACIONAL AFICIONADOS S-2300 "]
[Site "Benidorm (Alicante - SPAIN)"]
[Date "2011.12.04"]
[Round "3"]
[Board "1"]
[White "Gromovs, Sergejs"]
[Black "Landa Monux, Josu"]
[Result "1-0"]
[WhiteElo "2275"]
[BlackElo "2053"]
[PlyCount "39"]
[EventDate "2011.12.02"]
[EventRounds "10"]
[EventCountry "ESP"]

1. d4 d5 2. c4 Nc6 3. Nf3 Nf6 4. cxd5 Qxd5 5. Nc3 Qa5 6. e3 e5 7. Bb5 Bd7 8.
O-O Bd6 9. a3 a6 10. Be2 exd4 11. exd4 O-O 12. Bg5 Qf5 13. Bd3 Qg4 14. Bxf6
gxf6 15. Ne4 Be7 16. Re1 Rac8 17. Qd2 f5 18. Ng3 Nxd4 19. Ne5 Qg7 20. Qc3 1-0

[Event "X GRAN TORNEO INTERNACIONAL AFICIONADOS S-2300 "]
[Site "Benidorm (Alicante - SPAIN)"]
[Date "2011.12.04"]
[Round "3"]
[Board "1"]
[White "Perez Garcia, Jose Miguel"]
[Black "Lanza, Luciano"]
[Result "0-1"]
[WhiteElo "2029"]
[BlackElo "2178"]
[PlyCount "56"]
[EventDate "2011.12.02"]
[EventRounds "10"]
[EventCountry "ESP"]

1. d4 Nf6 2. c4 g6 3. Nc3 Bg7 4. e4 d6 5. Nf3 O-O 6. Be2 e5 7. dxe5 dxe5 8.
Qxd8 Rxd8 9. Bg5 Nbd7 10. O-O-O Rf8 11. Nd2 c6 12. Be3 b6 13. f3 Re8 14. b3 Nf8
15. b4 Ne6 16. Nb3 Bf8 17. a3 a5 18. c5 a4 19. cxb6 axb3 20. Kb2 Nd4 21. Bxd4
exd4 22. Rxd4 c5 23. bxc5 Bxc5 24. Ra4 Rb8 25. Bc4 Rd8 26. Rd1 Rxd1 27. Nxd1
Nd7 28. Ra5 Nxb6 0-1

[Event "X GRAN TORNEO INTERNACIONAL AFICIONADOS S-2300 "]
[Site "Benidorm (Alicante - SPAIN)"]
[Date "2011.12.04"]
[Round "3"]
[Board "1"]
[White "**Corrales, Ibanez Pedro Luis"]
[Black "Cortes Nadal, Eduardo"]
[Result "0-1"]
[WhiteElo "1895"]
[BlackElo "2074"]
[PlyCount "51"]
[EventDate "2011.12.02"]
[EventRounds "10"]
[EventCountry "ESP"]

1. e4 c5 2. c3 d5 3. exd5 Qxd5 4. d4 Nf6 5. Nf3 Nc6 6. Be3 cxd4 7. cxd4 e6 8.
Nc3 Bb4 9. a3 Bxc3+ 10. bxc3 O-O 11. Bd3 e5 12. c4 Qa5+ 13. Bd2 Qd8 14. d5 e4
15. Bf1 exf3 16. dxc6 bxc6 17. gxf3 Qd4 18. Rc1 Re8+ 19. Be3 Qh4 20. Rc3 Bf5
21. Bg2 Rad8 22. Qc1 Bd3 23. Rxd3 Rxd3 24. O-O Qh5 25. Bxa7 Qa5 26. Be3 0-1

[Event "X GRAN TORNEO INTERNACIONAL AFICIONADOS S-2300 "]
[Site "Benidorm (Alicante - SPAIN)"]
[Date "2011.12.04"]
[Round "3"]
[Board "1"]
[White "Sevillano Garcia, Joaquin"]
[Black "Jordan Martinez, Miguel"]
[Result "0-1"]
[WhiteElo "2026"]
[BlackElo "2184"]
[PlyCount "90"]
[EventDate "2011.12.02"]
[EventRounds "10"]
[EventCountry "ESP"]

1. Nf3 Nf6 2. c4 Nc6 3. Nc3 e5 4. d4 exd4 5. Nxd4 Nxd4 6. Qxd4 Be7 7. e4 d6 8.
Bg5 O-O 9. Be2 Re8 10. O-O Nxe4 11. Bxe7 Nxc3 12. Qxc3 Rxe7 13. Bf3 c6 14. Rfd1
Be6 15. Qb4 Rd7 16. Rd2 Qb6 17. Qc3 Rad8 18. Rad1 Qc5 19. Rd4 a5 20. a3 d5 21.
b4 axb4 22. axb4 Qe7 23. c5 Ra8 24. h3 Rdd8 25. Re1 Qf6 26. Qe3 g6 27. g4 Ra3
28. Qxa3 Qxd4 29. Qa5 Rd7 30. Be2 Qc3 31. Qa8+ Kg7 32. Qa1 d4 33. Qxc3 dxc3 34.
Rc1 Rd2 35. Kf1 Rb2 36. Rxc3 Rxb4 37. f3 Kf6 38. Kf2 Ke5 39. Ke3 g5 40. h4 h6
41. hxg5 hxg5 42. Bd3 f6 43. Bc2 Rc4 44. Rxc4 Bxc4 45. Be4 Ba6 0-1

[Event "X GRAN TORNEO INTERNACIONAL AFICIONADOS S-2300 "]
[Site "Benidorm (Alicante - SPAIN)"]
[Date "2011.12.04"]
[Round "3"]
[Board "1"]
[White "Garcia, Esteban Ignacio"]
[Black "Killane, Jack"]
[Result "1/2-1/2"]
[WhiteElo "1982"]
[BlackElo "2046"]
[PlyCount "45"]
[EventDate "2011.12.02"]
[EventRounds "10"]
[EventCountry "ESP"]

1. e4 e5 2. Nf3 Nc6 3. Bb5 f5 4. d3 fxe4 5. dxe4 d6 6. h3 Nf6 7. Nc3 Be7 8. O-O
O-O 9. Bc4+ Kh8 10. Ng5 Qe8 11. Nb5 Bd8 12. Nc3 h6 13. Nf3 Qh5 14. Nh2 Qg6 15.
Kh1 Nd4 16. Qd3 c6 17. a4 a5 18. Bd2 Bb6 19. Rac1 Bd7 20. Qg3 Qxg3 21. fxg3 Nh5
22. Rxf8+ Rxf8 23. Be1 1/2-1/2

[Event "X GRAN TORNEO INTERNACIONAL AFICIONADOS S-2300 "]
[Site "Benidorm (Alicante - SPAIN)"]
[Date "2011.12.05"]
[Round "4"]
[Board "1"]
[White "Lara Lopez, Jose"]
[Black "Navarro, Ortiz De Ortuno Borja"]
[Result "1/2-1/2"]
[WhiteElo "2231"]
[BlackElo "2296"]
[PlyCount "32"]
[EventDate "2011.12.02"]
[EventRounds "10"]
[EventCountry "ESP"]

1. e4 e6 2. Qe2 c5 3. Nf3 Nc6 4. g3 g6 5. Bg2 Bg7 6. O-O d6 7. d3 Nge7 8. c3
O-O 9. Be3 e5 10. Nh4 f5 11. f4 Rb8 12. a4 Kh8 13. Nd2 Be6 14. Ndf3 Bg8 15. Bh3
exf4 16. gxf4 b6 1/2-1/2

[Event "X GRAN TORNEO INTERNACIONAL AFICIONADOS S-2300 "]
[Site "Benidorm (Alicante - SPAIN)"]
[Date "2011.12.05"]
[Round "4"]
[Board "1"]
[White "Lillo Castay, Victor"]
[Black "Vaarala, Eric"]
[Result "1/2-1/2"]
[WhiteElo "2289"]
[BlackElo "2226"]
[PlyCount "78"]
[EventDate "2011.12.02"]
[EventRounds "10"]
[EventCountry "ESP"]

1. e4 e6 2. d4 d5 3. Nd2 dxe4 4. Nxe4 Nf6 5. Nxf6+ Qxf6 6. Nf3 h6 7. Bd3 Bd6 8.
O-O Bd7 9. Re1 Nc6 10. d5 Ne7 11. dxe6 Bxe6 12. Nd4 Bd7 13. Nb5 Bxb5 14. Bxb5+
c6 15. Bd3 O-O-O 16. Qg4+ Kb8 17. Be3 h5 18. Qg5 Qxg5 19. Bxg5 f6 20. Bd2 Nd5
21. g3 h4 22. a3 Bc5 23. Kg2 hxg3 24. hxg3 Bxf2 25. Kxf2 Rh2+ 26. Kf3 Rxd2 27.
Rh1 Re8 28. Rae1 Rxe1 29. Rxe1 Rh2 30. Re8+ Kc7 31. Rg8 g5 32. Rg7+ Kd6 33.
Rxb7 Ke5 34. Rb8 g4+ 35. Kxg4 Ne3+ 36. Kf3 Nxc2 37. Bxc2 Rxc2 38. Ke3 Rg2 39.
Kf3 Rc2 1/2-1/2

[Event "X GRAN TORNEO INTERNACIONAL AFICIONADOS S-2300 "]
[Site "Benidorm (Alicante - SPAIN)"]
[Date "2011.12.05"]
[Round "4"]
[Board "1"]
[White "Accattato Martin, Mario"]
[Black "Madina Yadarola, Martin"]
[Result "1/2-1/2"]
[WhiteElo "2185"]
[BlackElo "2273"]
[PlyCount "68"]
[EventDate "2011.12.02"]
[EventRounds "10"]
[EventCountry "ESP"]

1. e4 c5 2. Nf3 e6 3. d4 cxd4 4. Nxd4 a6 5. Nc3 b5 6. Bd3 Bb7 7. O-O Nc6 8. Be3
Ne5 9. f4 Nxd3 10. cxd3 Nf6 11. Qf3 Be7 12. Qg3 h5 13. f5 Ng4 14. Nde2 Rc8 15.
Kh1 b4 16. Na4 Nxe3 17. Qxe3 e5 18. Qg3 Bf6 19. Ng1 d5 20. Rac1 dxe4 21. Nc5
Rxc5 22. Rxc5 exd3 23. Rxe5+ Bxe5 24. Qxe5+ Kf8 25. f6 gxf6 26. Rxf6 Rg8 27.
Nf3 Qe7 28. Qd4 Bxf3 29. Rxf3 Qe1+ 30. Qg1 d2 31. Rf1 Qe5 32. Qf2 Qd5 33. Rd1
Rg5 34. Qxd2 Qxd2 1/2-1/2

[Event "X GRAN TORNEO INTERNACIONAL AFICIONADOS S-2300 "]
[Site "Benidorm (Alicante - SPAIN)"]
[Date "2011.12.05"]
[Round "4"]
[Board "1"]
[White "Voiteanu, Gabriel"]
[Black "Parals Marce, Luis"]
[Result "1-0"]
[WhiteElo "2293"]
[BlackElo "2007"]
[PlyCount "59"]
[EventDate "2011.12.02"]
[EventRounds "10"]
[EventCountry "ESP"]

1. d4 d5 2. c4 e6 3. Nf3 Nf6 4. g3 Be7 5. Bg2 O-O 6. O-O dxc4 7. Qc2 b5 8. a4
b4 9. Bg5 Nd5 10. Bxe7 Qxe7 11. e4 Nf6 12. Nbd2 Ba6 13. Rfe1 Nbd7 14. Nxc4 c5
15. d5 Bxc4 16. Qxc4 Nb6 17. Qc2 exd5 18. a5 Nbd7 19. exd5 Qd6 20. Nd2 Rfe8 21.
Nc4 Qa6 22. b3 Rxe1+ 23. Rxe1 Re8 24. Rxe8+ Nxe8 25. Qe4 Nef6 26. Qe7 Qc8 27.
Bh3 Qc7 28. Nd6 h5 29. Qxf7+ Kh8 30. Nf5 1-0

[Event "X GRAN TORNEO INTERNACIONAL AFICIONADOS S-2300 "]
[Site "Benidorm (Alicante - SPAIN)"]
[Date "2011.12.05"]
[Round "4"]
[Board "1"]
[White "Rogac, Srdjan"]
[Black "Fernandez Manrique, Agustin"]
[Result "1/2-1/2"]
[WhiteElo "2287"]
[BlackElo "2173"]
[PlyCount "38"]
[EventDate "2011.12.02"]
[EventRounds "10"]
[EventCountry "ESP"]

1. e4 e6 2. d4 d5 3. e5 c5 4. c3 Qb6 5. Nf3 Nc6 6. a3 Nh6 7. b4 cxd4 8. Bxh6
gxh6 9. cxd4 Bd7 10. Be2 Rc8 11. O-O Bg7 12. Qd2 O-O 13. Ra2 Ne7 14. Bd3 Bb5
15. Bxb5 Qxb5 16. Nc3 Qc4 17. Nd1 Qc1 18. Qd3 Qc4 19. Qd2 Qc1 1/2-1/2

[Event "X GRAN TORNEO INTERNACIONAL AFICIONADOS S-2300 "]
[Site "Benidorm (Alicante - SPAIN)"]
[Date "2011.12.05"]
[Round "4"]
[Board "1"]
[White "Recuero Guerra, Javier"]
[Black "Burriel, Carlos"]
[Result "1-0"]
[WhiteElo "2282"]
[BlackElo "2171"]
[PlyCount "67"]
[EventDate "2011.12.02"]
[EventRounds "10"]
[EventCountry "ESP"]

1. d4 Nf6 2. g3 c5 3. Nf3 cxd4 4. Nxd4 Qa5+ 5. Nc3 Ne4 6. Qd3 Nxc3 7. bxc3 g6
8. Bg2 Bg7 9. O-O O-O 10. a4 Nc6 11. Ba3 Ne5 12. Qe4 d6 13. Bb4 Qc7 14. a5 a6
15. h3 Rb8 16. f4 Nc4 17. Rfd1 Re8 18. g4 Bd7 19. f5 b6 20. axb6 Rxb6 21. Ra2
Bh6 22. Rda1 Nd2 23. Qd3 Qc4 24. Qxc4 Nxc4 25. fxg6 Be3+ 26. Kh1 Bxd4 27. gxf7+
Kxf7 28. Bd5+ e6 29. Rf1+ Ke7 30. Bxc4 Bc6+ 31. Kh2 Be5+ 32. Kg1 h5 33. Ra5
Rxb4 34. cxb4 1-0

[Event "X GRAN TORNEO INTERNACIONAL AFICIONADOS S-2300 "]
[Site "Benidorm (Alicante - SPAIN)"]
[Date "2011.12.05"]
[Round "4"]
[Board "1"]
[White "Suarez Roa, Jose Francisco"]
[Black "Seletsky, Grigory"]
[Result "1-0"]
[WhiteElo "2153"]
[BlackElo "2280"]
[PlyCount "81"]
[EventDate "2011.12.02"]
[EventRounds "10"]
[EventCountry "ESP"]

1. d4 c5 2. e4 cxd4 3. Nf3 e5 4. c3 dxc3 5. Nxc3 d6 6. Bc4 Be6 7. Bxe6 fxe6 8.
Qb3 Qd7 9. Ng5 Nc6 10. Qxe6+ Qxe6 11. Nxe6 Kd7 12. Nxf8+ Rxf8 13. Be3 Nge7 14.
Rd1 Rf6 15. O-O a6 16. Rd2 h6 17. Rc1 b5 18. Nd5 Nxd5 19. exd5 Ne7 20. Bb6 Rc8
21. Rxc8 Nxc8 22. Be3 Ne7 23. Kf1 Rf8 24. Ke2 Rc8 25. Kf3 Rc4 26. b3 Rb4 27. g3
Nf5 28. Rb2 a5 29. g4 Nh4+ 30. Kg3 g5 31. a3 Re4 32. Re2 Ng6 33. Kf3 Nf4 34.
Rd2 Rxe3+ 35. fxe3 Ng6 36. Rc2 Ne7 37. Ke4 Kd8 38. Rf2 Kd7 39. Rf6 a4 40. bxa4
bxa4 41. Rxh6 1-0

[Event "X GRAN TORNEO INTERNACIONAL AFICIONADOS S-2300 "]
[Site "Benidorm (Alicante - SPAIN)"]
[Date "2011.12.05"]
[Round "4"]
[Board "1"]
[White "Barbero Senidic, Alejandro"]
[Black "Z-Varga, Mariano"]
[Result "1/2-1/2"]
[WhiteElo "2269"]
[BlackElo "2143"]
[PlyCount "35"]
[EventDate "2011.12.02"]
[EventRounds "10"]
[EventCountry "ESP"]

1. e4 c5 2. Nf3 a6 3. c4 e6 4. d4 cxd4 5. Nxd4 Nf6 6. Nc3 Bb4 7. Bd3 Nc6 8.
Nxc6 bxc6 9. Qc2 e5 10. a3 Bc5 11. b4 Bd4 12. h3 O-O 13. Rb1 Nh5 14. Ne2 Qh4
15. g3 Qf6 16. Nxd4 exd4 17. Qd2 Qf3 18. Rh2 {irreproducilbe} 1/2-1/2

[Event "X GRAN TORNEO INTERNACIONAL AFICIONADOS S-2300 "]
[Site "Benidorm (Alicante - SPAIN)"]
[Date "2011.12.05"]
[Round "4"]
[Board "1"]
[White "Villuendas Valero, Adrian"]
[Black "Lacrosse, Marc"]
[Result "1-0"]
[WhiteElo "2267"]
[BlackElo "2141"]
[PlyCount "43"]
[EventDate "2011.12.02"]
[EventRounds "10"]
[EventCountry "ESP"]

1. d4 d5 2. Bf4 c5 3. e4 dxe4 4. d5 Nf6 5. Nc3 g6 6. Qe2 Bg7 7. O-O-O O-O 8. d6
Re8 9. Nb5 e5 10. Bg5 Na6 11. Qd2 Bd7 12. Nc7 h6 13. Nxe8 Qxe8 14. Be3 Rc8 15.
Qa5 Nb4 16. Ne2 b6 17. Qa3 a5 18. Kb1 Nbd5 19. Nc1 h5 20. Bc4 Be6 21. Bxd5 Nxd5
22. d7 1-0

[Event "X GRAN TORNEO INTERNACIONAL AFICIONADOS S-2300 "]
[Site "Benidorm (Alicante - SPAIN)"]
[Date "2011.12.05"]
[Round "4"]
[Board "1"]
[White "Carrascoso Morales, Abel"]
[Black "Mingarro Carceller, Sergi"]
[Result "1-0"]
[WhiteElo "2256"]
[BlackElo "2093"]
[PlyCount "93"]
[EventDate "2011.12.02"]
[EventRounds "10"]
[EventCountry "ESP"]

1. d4 Nf6 2. Nc3 d5 3. Bf4 c6 4. e3 Bf5 5. Nf3 e6 6. Be2 Be7 7. O-O O-O 8. Ne5
c5 9. g4 Bg6 10. h4 h6 11. Nxg6 fxg6 12. g5 Nfd7 13. Bg4 Rf5 14. Bxf5 gxf5 15.
Qh5 Nf8 16. gxh6 g6 17. h7+ Kh8 18. Be5+ Bf6 19. Bxf6+ Qxf6 20. Qg5 Nxh7 21.
Qxf6+ Nxf6 22. Ne2 Kg7 23. dxc5 Nbd7 24. Nf4 Kf7 25. Kg2 Nxc5 26. Rac1 b5 27.
b3 Nce4 28. c4 dxc4 29. bxc4 b4 30. Nd3 a5 31. Ne5+ Ke7 32. Nxg6+ Kd6 33. Rfd1+
Kc7 34. Nf4 Rg8+ 35. Kf3 Nc5 36. Rg1 Re8 37. Rg7+ Kc6 38. h5 e5 39. Rg6 Ncd7
40. Nd5 Re6 41. h6 Kd6 42. Rd1 e4+ 43. Ke2 Ke5 44. Nxf6 Nxf6 45. Rd5+ Nxd5 46.
Rxe6+ Kxe6 47. cxd5+ 1-0

[Event "X GRAN TORNEO INTERNACIONAL AFICIONADOS S-2300 "]
[Site "Benidorm (Alicante - SPAIN)"]
[Date "2011.12.05"]
[Round "4"]
[Board "1"]
[White "Remolar Gallen, Jose"]
[Black "Lapicki, Raul"]
[Result "0-1"]
[WhiteElo "2086"]
[BlackElo "2237"]
[PlyCount "64"]
[EventDate "2011.12.02"]
[EventRounds "10"]
[EventCountry "ESP"]

1. e4 e6 2. Nf3 c5 3. b4 cxb4 4. a3 d5 5. e5 Nc6 6. axb4 Nxb4 7. c3 Nc6 8. d4
Bd7 9. Bd3 h6 10. Qe2 Rc8 11. O-O a6 12. Ba3 Bxa3 13. Rxa3 Na7 14. c4 dxc4 15.
Bxc4 Bb5 16. Nbd2 Ne7 17. Rb1 O-O 18. h4 Nd5 19. Rxb5 Nxb5 20. Rb3 Nbc3 21.
Rxc3 Nxc3 22. Qe3 Nd5 23. Qe4 f5 24. exf6 Qxf6 25. Bxd5 Rc1+ 26. Kh2 exd5 27.
Qxd5+ Qf7 28. Qa5 Qc7+ 29. Qxc7 Rxc7 30. Ne4 b5 31. d5 Rd8 32. d6 Rc4 0-1

[Event "X GRAN TORNEO INTERNACIONAL AFICIONADOS S-2300 "]
[Site "Benidorm (Alicante - SPAIN)"]
[Date "2011.12.05"]
[Round "4"]
[Board "1"]
[White "Tscharotschkin, Michael"]
[Black "Herrera Gonzalez, Javier"]
[Result "1/2-1/2"]
[WhiteElo "2202"]
[BlackElo "1906"]
[PlyCount "66"]
[EventDate "2011.12.02"]
[EventRounds "10"]
[EventCountry "ESP"]

1. d4 Nf6 2. Nf3 e6 3. Bf4 b6 4. e3 Bb7 5. Bd3 Ne4 6. Nbd2 Nxd2 7. Qxd2 f5 8.
Qe2 Bd6 9. Bg5 Be7 10. h4 d6 11. e4 h6 12. Bxe7 Qxe7 13. exf5 exf5 14. Bxf5
Bxf3 15. gxf3 Qxe2+ 16. Kxe2 Nc6 17. Be4 Kd7 18. Rhg1 Rag8 19. Bxc6+ Kxc6 20.
Rae1 Re8+ 21. Kd2 Rxe1 22. Kxe1 Re8+ 23. Kd2 Re7 24. Kd3 b5 25. Rg4 Kd5 26. Re4
Rf7 27. Ke3 c6 28. c3 a5 29. b3 a4 30. f4 axb3 31. axb3 Ra7 32. c4+ bxc4 33.
bxc4+ Kxc4 1/2-1/2

[Event "X GRAN TORNEO INTERNACIONAL AFICIONADOS S-2300 "]
[Site "Benidorm (Alicante - SPAIN)"]
[Date "2011.12.05"]
[Round "4"]
[Board "1"]
[White "Lara Lopez, Sergio"]
[Black "Marcos Pinto, Luis"]
[Result "1/2-1/2"]
[WhiteElo "2120"]
[BlackElo "2191"]
[PlyCount "97"]
[EventDate "2011.12.02"]
[EventRounds "10"]
[EventCountry "ESP"]

1. e4 c5 2. Nc3 Nc6 3. g3 g6 4. Bg2 Bg7 5. d3 e6 6. Be3 d6 7. Qd2 Nd4 8. h4 h5
9. Nd1 Nf6 10. c3 Nc6 11. Bg5 d5 12. exd5 exd5 13. Ne2 Qd6 14. Qf4 Qxf4 15.
Nxf4 d4 16. O-O O-O 17. Rc1 Nh7 18. Bxc6 Nxg5 19. Bg2 Ne6 20. Nd5 Rb8 21. f4
Re8 22. Nf2 f5 23. Rfe1 dxc3 24. bxc3 b6 25. Nh3 Bb7 26. Re2 Rbd8 27. c4 Nd4
28. Rxe8+ Rxe8 29. Rf1 Ne2+ 30. Kh2 Nc3 31. Nxc3 Bxg2 32. Kxg2 Bxc3 33. Rf2 Be1
34. Rf3 a5 35. a4 Bc3 36. Kf2 Be1+ 37. Kf1 Bb4 38. Kf2 Bc3 39. Ng5 Re7 40. Nh3
Kf7 41. Ng5+ Ke8 42. Nh3 Kd7 43. Ng5 Kc6 44. Nh3 Be1+ 45. Kf1 Bd2 46. Rf2 Re1+
47. Kg2 Be3 48. Rf1 Rxf1 49. Kxf1 1/2-1/2

[Event "X GRAN TORNEO INTERNACIONAL AFICIONADOS S-2300 "]
[Site "Benidorm (Alicante - SPAIN)"]
[Date "2011.12.05"]
[Round "4"]
[Board "1"]
[White "Murcia Paredes, Angel"]
[Black "Gilea, Lucian"]
[Result "1-0"]
[WhiteElo "2134"]
[BlackElo "2269"]
[PlyCount "53"]
[EventDate "2011.12.02"]
[EventRounds "10"]
[EventCountry "ESP"]

1. e4 c5 2. Nf3 a6 3. h3 Nc6 4. d4 cxd4 5. Nxd4 Nf6 6. Nc3 e5 7. Nde2 Bc5 8.
Ng3 b5 9. Bg5 h6 10. Bxf6 Qxf6 11. Nf5 Bb4 12. Ne3 Qg6 13. Qd3 O-O 14. g4 Ne7
15. O-O-O Bxc3 16. Qxc3 Qg5 17. h4 Qf4 18. Bg2 Bb7 19. Rxd7 Bxe4 20. Bxe4 Qxe4
21. f3 Qxf3 22. Rf1 Qh3 23. Rxe7 Rac8 24. Qxe5 Rc6 25. h5 Rfc8 26. Re8+ Kh7 27.
Rxc8 1-0

[Event "X GRAN TORNEO INTERNACIONAL AFICIONADOS S-2300 "]
[Site "Benidorm (Alicante - SPAIN)"]
[Date "2011.12.05"]
[Round "4"]
[Board "1"]
[White "Exposito Amaro, Josue"]
[Black "Acebal Muniz, Antonio"]
[Result "1-0"]
[WhiteElo "2250"]
[BlackElo "2113"]
[PlyCount "49"]
[EventDate "2011.12.02"]
[EventRounds "10"]
[EventCountry "ESP"]

1. e4 e5 2. Nf3 Nc6 3. d4 exd4 4. Bc4 Nf6 5. e5 d5 6. Bb5 Ne4 7. Nxd4 Bc5 8.
Be3 Bd7 9. Bxc6 bxc6 10. Nd2 Qe7 11. Nxe4 dxe4 12. e6 fxe6 13. Qh5+ g6 14. Qe5
O-O 15. Nxc6 Bb4+ 16. Nxb4 Qxb4+ 17. c3 Qxb2 18. O-O Qb5 19. Qxc7 Rfc8 20. Qf4
Qf5 21. Qd6 Bb5 22. Rfb1 Rxc3 23. Rxb5 Qxb5 24. Qxe6+ Kf8 25. Bh6# 1-0

[Event "X GRAN TORNEO INTERNACIONAL AFICIONADOS S-2300 "]
[Site "Benidorm (Alicante - SPAIN)"]
[Date "2011.12.05"]
[Round "4"]
[Board "1"]
[White "O`neill Y Daneiko, Jose Antonio"]
[Black "Montalban, Galvez Antoni"]
[Result "1/2-1/2"]
[WhiteElo "2091"]
[BlackElo "2207"]
[PlyCount "21"]
[EventDate "2011.12.02"]
[EventRounds "10"]
[EventCountry "ESP"]

1. e4 c6 2. Nf3 d5 3. Nc3 Bg4 4. d4 Nf6 5. Bd3 dxe4 6. Nxe4 Bxf3 7. Qxf3 Qxd4
8. c3 Qd8 9. O-O Nbd7 10. Bf4 Qa5 11. Rfe1 1/2-1/2

[Event "X GRAN TORNEO INTERNACIONAL AFICIONADOS S-2300 "]
[Site "Benidorm (Alicante - SPAIN)"]
[Date "2011.12.05"]
[Round "4"]
[Board "1"]
[White "Mataix Arbona, Cesar"]
[Black "Mirete Bernabe, Marco Antonio"]
[Result "1/2-1/2"]
[WhiteElo "2071"]
[BlackElo "2204"]
[PlyCount "24"]
[EventDate "2011.12.02"]
[EventRounds "10"]
[EventCountry "ESP"]

1. d4 Nf6 2. Nf3 g6 3. Bg5 Bg7 4. Nbd2 d5 5. e3 O-O 6. Bd3 Nbd7 7. O-O c5 8. c3
a6 9. Re1 Qb6 10. Qc2 e6 11. Rab1 c4 12. Bf1 Qc6 1/2-1/2

[Event "X GRAN TORNEO INTERNACIONAL AFICIONADOS S-2300 "]
[Site "Benidorm (Alicante - SPAIN)"]
[Date "2011.12.05"]
[Round "4"]
[Board "1"]
[White "Sanchez Barbado, Carlos"]
[Black "Martin Martin, Luis Vicente"]
[Result "1-0"]
[WhiteElo "2180"]
[BlackElo "2059"]
[PlyCount "33"]
[EventDate "2011.12.02"]
[EventRounds "10"]
[EventCountry "ESP"]

1. e4 d5 2. exd5 Qxd5 3. Nc3 Qa5 4. d4 c6 5. Bc4 Bf5 6. Bd2 e6 7. Qe2 Nd7 8. g4
Bg6 9. d5 cxd5 10. Nxd5 Qd8 11. Nf4 Ngf6 12. O-O-O Be4 13. f3 Bc6 14. Ngh3 Be7
15. Nxe6 fxe6 16. Qxe6 Rf8 17. Bb4 1-0

[Event "X GRAN TORNEO INTERNACIONAL AFICIONADOS S-2300 "]
[Site "Benidorm (Alicante - SPAIN)"]
[Date "2011.12.05"]
[Round "4"]
[Board "1"]
[White "Camacho Calle, Pedro"]
[Black "Gonzalez Gonzalez, Alfonso"]
[Result "1/2-1/2"]
[WhiteElo "2072"]
[BlackElo "2179"]
[PlyCount "39"]
[EventDate "2011.12.02"]
[EventRounds "10"]
[EventCountry "ESP"]

1. Nf3 d5 2. e3 Nf6 3. c4 g6 4. b3 Bg7 5. Bb2 O-O 6. Be2 dxc4 7. bxc4 c5 8. O-O
Nc6 9. Qb3 b6 10. Rd1 Na5 11. Qc2 Ba6 12. d3 Qd7 13. Nbd2 Rfd8 14. Bc3 Nc6 15.
Ne5 Nxe5 16. Bxe5 Qf5 17. Nf3 Bb7 18. Qb2 Rac8 19. e4 Qd7 20. a4 1/2-1/2